Lyrics raten #4 - Statistiken

Allgemein
  • Dieses Quiz wurde 591 mal gespielt
  • Das Durchschnittsergebnis liegt bei 95 aus 352
Antwortstatistiken
Antwort % Korrekt
ich
98%
Ich
98%
du
95%
'n
77%
du's
74%
das
73%
Das
73%
die
70%
und
65%
bin
59%
den
56%
ein
56%
wie
55%
dass
48%
mir
46%
ne
46%
nicht
46%
will
46%
zu
46%
an
45%
hab
45%
dir
44%
ab
43%
im
43%
ist
43%
auf
40%
ja
38%
Ja
38%
geh
37%
Meine
36%
meine
36%
Mit
36%
Deine
34%
deine
34%
aber
33%
am
31%
warum
30%
keine
28%
mach
28%
einen
27%
nur
26%
weil
26%
doch
24%
Doch
24%
Mann
24%
ob
24%
um
22%
auch
21%
vor
19%
Bra
18%
machst
16%
mal
16%
keinen
14%
sagst
14%
Ey
13%
mag
13%
Augen
12%
ihn
12%
meinem
12%
Zwei
10%
Bitch
8%
BItch
8%
laufen
8%
drauf
7%
Feier
7%
Jungs
7%
scheiss
7%
Digga
5%
KK
5%
Lüge
5%
wohin
5%
Bastard
4%
bauen
4%
dabei
4%
danach
4%
Ding
4%
Eier
4%
Gang
4%
Joint
4%
Kasimir
4%
Murder
4%
ner
4%
pack
4%
pass
4%
Weed
4%
Boner
3%
draussen
3%
Eiern
3%
Führerschein
3%
Grösste
3%
häng
3%
offen
3%
sitzt
3%
tief
3%
überall
3%
501
2%
Backstage
2%
ballern
2%
dreissig
2%
Elfer
2%
feierst
2%
fliesst
2%
fünfzehn
2%
hängt
2%
Kekos
2%
Kodak
2%
Netto
2%
Niagara
2%
rauchst
2%
Rover
2%
rrah
2%
schiesst
2%
Tattoo
2%
abgehoben
1%
bounce
1%
drücken
1%
js
1%
Kickdown
1%
reiherst
1%
runterkommen
1%
Torero
1%
Überfall
1%
vier-eins
1%
schauspielern
0%
Keine übereinstimmenden Quizze gefunden
Verteilung der Resultate
Anzahl Personen mit jedem Resultat
Perzentil nach korrekt beantworteten Fragen
Ihre Resultats-Entwicklung
Sie haben dieses Quiz noch nicht gespielt